00965nam a2200229 a 450000100100000000500170001000800410002702000150006804000250008310000280010824501010013626000930023730000210033049000340035150000210038550400320040650400730043871000610051183000410057295201050061399900170071800004383420250909091243.0140506s1999 sp 001 0 spa d a8472328260 aDO-SdBNPbspacBNPHU1 aMörner, Magnus96696013aLa Corona Española y los foráneos en los pueblos de indios de América. /cMagnus Mörner. aMadrid :bCultura Híspanica, Agencia Española de Cooperación Internacional,c1999. a402 p. ;c24 cm.1 aCultura híspanicaaHistoria aIncluye índice aBibliografía : p. 349-382 aIncluye referencias bibliográficas y notas al pie de las páginas2 aAgencia Española de Cooperación Internacional934585 0aCultura híspanicapHistoria971698 001050718MOaGRbGRcCTd2014-05-06iLF1l0o p43834-10r2020-06-25w2020-06-25y1ZNo se presta c43323d43323